MARC details
| 000 -LÍDER |
| campo de controle de tamanho fixo |
01485nam a2200337 4500 |
| 001 - NÚMERO DE CONTROLE |
| campo de controle |
225 |
| 003 - IDENTIFICADOR DO NÚMERO DE CONTROLE |
| campo de controle |
OSt |
| 005 - DATA E HORÁRIO DA ÚLTIMA TRANSAÇÃO |
| campo de controle |
20250528074015.0 |
| 008 - CAMPO DE DADOS FIXOS--INFORMAÇÃO GERAL |
| campo de controle de tamanho fixo |
250204b |||||||g |||| 00| 1 eng d |
| 020 ## - ISBN - INTERNATIONAL STANDARD BOOK NUMBER |
| ISBN - International Standard Book Number |
8510346607 |
| 040 ## - FONTE DA CATALOGAÇÃO |
| Idioma da catalogação |
por |
| 041 ## - CÓDIGO DE IDIOMA |
| Código do idioma do original e/ou traduções intermediárias do texto |
ita |
| Código do idioma do texto/trilha sonora ou título diferente |
por |
| 082 ## - CDD - CLASSIFICAÇÃO DECIMAL DE DEWEY |
| Número de Classificação |
853 |
| Número do exemplar |
E19p |
| 100 1# - ENTRADA PRINCIPAL--NOME PESSOAL |
| Nome pessoal |
Eco, Umberto, |
| Datas associadas ao nome |
1932-2016 |
| 9 (RLIN) |
409 |
| 240 ## - TÍTULO UNIFORME |
| Título uniforme |
Il pendolo di Foucault |
| 245 ## - TÍTULO |
| Título |
O pêndulo de Foucault / |
| Indicação de responsabilidade, etc. |
Eco, Umberto ; Tradução de Ivo Barroso |
| 250 ## - EDIÇÃO |
| Declaração de edição |
3° edição |
| 260 ## - PUBLICAÇÃO, DISTRIBUIÇÃO, ETC. |
| Local de publicação, distribuição, etc. |
Rio de Janeiro |
| Nome do editor, distribuidor, etc. |
Record |
| Data da publicação, distribuição, etc. |
1989 |
| 300 ## - DESCRIÇÃO FÍSICA |
| Extensão |
613 p. |
| 520 ## - NOTA DE RESUMO, ETC. |
| Resumo, etc. |
O Pêndulo de Foucault, originalmente Il pendolo di Foucault, é um romance do filósofo e novelista italiano Umberto Eco, publicado em 1988.<br/><br/><br/><br/>Dividido em dez segmentos representados pelos dez Sefiroth, é cheio de referências esotéricas à Kabbalah, à alquimia e a teorias conspiratórias. O título do livro refere-se ao pêndulo projetado pelo físico francês Léon Foucault para demonstrar a rotação da terra.<br/><br/><br/><br/>Na trama, sociedades secretas estão envolvidas em um suposto plano que governaria a humanidade. O texto é rico em informações e idéias, além de conter trechos de livros antigos e raros. |
| 650 #0 - ASSUNTO--TERMO TÓPICO |
| Cabeçalho tópico ou nome geográfico |
Literatura italiana |
| 9 (RLIN) |
164 |
| 650 #0 - ASSUNTO--TERMO TÓPICO |
| Cabeçalho tópico ou nome geográfico |
Religião |
| 9 (RLIN) |
100 |
| 650 #0 - ASSUNTO--TERMO TÓPICO |
| Cabeçalho tópico ou nome geográfico |
Esoterismo |
| 9 (RLIN) |
415 |
| 650 #0 - ASSUNTO--TERMO TÓPICO |
| Cabeçalho tópico ou nome geográfico |
Suspense |
| 9 (RLIN) |
10 |
| 650 #0 - ASSUNTO--TERMO TÓPICO |
| Cabeçalho tópico ou nome geográfico |
Histórico |
| 9 (RLIN) |
53 |
| 650 #0 - ASSUNTO--TERMO TÓPICO |
| Cabeçalho tópico ou nome geográfico |
Clássicos |
| 9 (RLIN) |
77 |
| 655 #0 - TERMO DE ÍNDICE--GÊNERO E FORMA |
| Gênero/forma/ou termo foco |
Romance |
| 655 #0 - TERMO DE ÍNDICE--GÊNERO E FORMA |
| Gênero/forma/ou termo foco |
Ficção |
| 700 ## - ENTRADA ADICIONADA - NOME PESSOAL |
| Nome pessoal |
Ivo Barroso |
| Função do autor por extenso |
Tradutor |
| 9 (RLIN) |
416 |
| 942 ## - ELEMENTOS DE ENTRADA ADICIONADOS (KOHA) |
| Fonte de classificação ou esquema de arquivamento |
Classificação decimal de Dewey |
| Ocultar no OPAC |
Não |
| Tipo de material Koha |
Livros |